LEADER 01114cam0-22003971i-450- 001 990001432180403321 005 20041221091458.0 010 $a0-387-94657-8 035 $a000143218 035 $aFED01000143218 035 $a(Aleph)000143218FED01 035 $a000143218 100 $a20001205d1997----km-y0itay50------ba 101 0 $aeng 102 $aUS 200 1 $a<>fundamental theorem of algebra$fBenjamin Fine, Gerhard Rosenberger 210 $aNew York$cSpringer-Verlag$d©1997 215 $aviii, 208 p.$d25 cm 225 1 $aUndergraduate Texts in Mathematics 610 0 $aTeoria dei numeri 610 0 $aFunzioni di una variabile complessa 676 $a512.942 700 1$aFine,$bBenjamin$f1948- >$056763 701 1$aRosenberger,$bGerhard$066084 801 0$aIT$bUNINA$gRICA$2UNIMARC 901 $aBK 912 $a990001432180403321 952 $aC-4-(80$b14457$fMA1 952 $aVI N 166$b41335$fFSPBC 959 $aMA1 959 $aFSPBC 962 $a11-01 962 $a30-01 962 $a54-01 996 $aFundamental theorem of algebra$983127 997 $aUNINA LEADER 03851nam 2200589 a 450 001 9910298553503321 005 20200520144314.0 010 $a1-4614-7943-6 024 7 $a10.1007/978-1-4614-7943-7 035 $a(CKB)2670000000421379 035 $a(EBL)1398492 035 $a(OCoLC)858763754 035 $a(SSID)ssj0000986651 035 $a(PQKBManifestationID)11586563 035 $a(PQKBTitleCode)TC0000986651 035 $a(PQKBWorkID)10938552 035 $a(PQKB)11432899 035 $a(MiAaPQ)EBC1398492 035 $a(DE-He213)978-1-4614-7943-7 035 $a(PPN)172420288 035 $a(EXLCZ)992670000000421379 100 $a20130510d2014 uy 0 101 0 $aeng 135 $aur|n|---||||| 181 $ctxt 182 $cc 183 $acr 200 00$aNational intellectual capital and the financial crisis in Indonesia, Malaysia, the Philippines, and Thailand /$fCarol Yeh-Yun ... [et al.] 205 $a1st ed. 2014. 210 $aNew York $cSpringer$d2014 215 $a1 online resource (128 p.) 225 0$aSpringerBriefs in economics,$x2191-5504 300 $aDescription based upon print version of record. 311 $a1-4614-7942-8 320 $aIncludes bibliographical references and indexes. 327 $aChapter 1 Introduction -- Chapter 2 Impact of the 2008 Global Financial Crisis -- Chapter 3 National Intellectual Capital Development of the Four Southeast Asian Countries -- Chapter 4 Beyond the 2008 Global Financial Crisis -- Chapter 5 Future Perspective and Policy Implications. 330 $aIn the first decade of the twenty-first century, the biggest event of worldwide proportion was the 2008 global financial crisis, which was caused primarily by ineffective governance, failed surveillance systems, and implementation flaws.  While fiscal and monetary policies succeeded in pulling many countries out of a financial freefall, most economies have performed beneath pre-recession levels as governments continued to struggle with their finances.     Examining the financial crisis from the viewpoint of intangible assets provides a different perspective from traditional economic approaches.  National Intellectual Capital (NIC), comprised mainly of human capital, market capital, process capital, renewal capital, and financial capital, is a valuable intangible asset and a key source of national competitive advantage in today?s knowledge economy.  The authors?pioneers in the field?present extensive data and a rigorous conceptual framework to analyze the connections between the global financial crisis and NIC development.  Covering the period from 2005 to 2010 across 48 countries, the authors establish a positive correlation between NIC and GDP per capita and consider the impact of NIC investment for short-term recovery and long-term risk control and strategy formulation. Each volume in a series of SpringerBriefs on NIC and the financial crisis provides in-depth coverage of the impact of the crisis, the aftermath, future prospects, and policy implications for a regional cluster.  This volume focuses on Indonesia, Malaysia, The Philippines, and Thailand. 410 0$aSpringerBriefs in Economics,$x2191-5504 ;$v17 606 $aIntellectual capital$xEconomic aspects$zSoutheast Asia 606 $aGlobal Financial Crisis, 2008-2009 607 $aSoutheast Asia$xEconomic conditions$y21st century 615 0$aIntellectual capital$xEconomic aspects 615 0$aGlobal Financial Crisis, 2008-2009. 676 $a330 701 $aLin$b Carol Yeh-Yun$0941421 801 0$bMiAaPQ 801 1$bMiAaPQ 801 2$bMiAaPQ 906 $aBOOK 912 $a9910298553503321 996 $aNational Intellectual Capital and the Financial Crisis in Indonesia, Malaysia, The Philippines, and Thailand$92511272 997 $aUNINA